Music Quiz

Random Music or Billboard Quiz

Top Charting Musical Artists (1980s) Quiz Stats

Quiz Updated Aug 28, 2015

Challenge
Share
Tweet
Embed
Score 0/30 Timer 10:00
2 Plays Today
Year: Act: % Correct
1983Michael Jackson
91.6%
1980Michael Jackson
84.4%
1985Madonna
83.5%
1981Diana Ross and Lionel Richie
68.9%
1986Lionel Richie
64.3%
1986Whitney Houston
60.4%
1987Whitney Houston
60.4%
1988Whitney Houston
57.7%
1988George Michael
51.9%
1986Dionne & Friends
49.5%
1984Prince and The Revolution
42.5%
1985Wham!
40.4%
1983The Police
32.9%
1984Tina Turner
26.6%
1980Blondie
24.8%
Year: Act: % Correct
1989Paula Abdul
23.3%
1987Bangles
21.1%
1980Olivia Newton-John
20.4%
1982Olivia Newton-John
20.3%
1989Chicago
19.4%
1981Kenny Rogers
18.6%
1989Bobby Brown
15.9%
1984Kenny Loggins
15.5%
1981Kim Carnes
13.5%
1988INXS
13%
1982John Cougar
12.7%
1985Paul Young
11.7%
1982Survivor
11.1%
1987Gregory Abbott
7.8%
1983Irene Cara
7.8%

You're not logged in!

Compare scores with friends on all Sporcle quizzes.
Sign Up with Email
OR
Log In

You Might Also Like...

Show Comments

Extras

Top Quizzes Today


Score Distribution

Your Account Isn't Verified!

In order to create a playlist on Sporcle, you need to verify the email address you used during registration. Go to your Sporcle Settings to finish the process.